000 00326nam a2200121Ia 4500
008 240731s9999 xx 000 0 und d
022 _a2054-8923
245 0 _aSTAR: Science & Technology of Archaeological Research
260 _bRoutledge
856 _uhttps://www.tandfonline.com/loi/ysta20
942 _2ddc
942 _cTFEJ
999 _c79292
_d79292
945 _a1
_bMadushi Gamage
_c1
_dMadushi Gamage